[Event "Cellavision Cup 2018"]
[Site "Lund"]
[Date "2018.08.05"]
[Round "7"]
[White "Ahlander, Bjorn"]
[Black "Strange, Mikkel"]
[Result "1-0"]
[WhiteElo "2433"]
[BlackElo "2370"]
[Annotator "NA"]
[PlyCount "121"]
[EventDate "2018.08.03"]
[EventType "swiss"]
[EventCountry "SWE"]
[SourceTitle "playchess.com"]
[Source "ChessBase"]
[SourceQuality "1"]
[TimeControl "5400+30"]

1. d4 {[%emt 0:00:00]} d5 {[%emt 0:00:00]} 2. c4 {[%emt 0:00:06]} e6 {[%emt 0:00:00]} 3. Nc3 {[%emt 0:00:06]} c5 {[%emt 0:00:00]} 4. cxd5 {[%emt 0:00:21]} exd5 {[%emt 0:00:00]} 5. Nf3 {[%emt 0:00:14]} Nc6 {[%emt 0:00:00]} 6. g3 {[%emt 0:00:35]} Nf6 {[%emt 0:00:04]} 7. Bg2 {[%emt 0:00:04]} Be7 {[%emt 0:00:04]} 8. O-O {[%emt 0:00:08]} O-O {[%emt 0:00:05]} 9. dxc5 {[%emt 0:04:35]} Bxc5 {[%emt 0:00:09]} 10. b3 {[%emt 0:00:20]} Be6 {[%emt 0:06:10]} 11. Bb2 {[%emt 0:00:45]} Qd7 {[%emt 0:04:26]} 12. Rc1 {[%emt 0:04:15] D34: Tarrasch Defence: 6 g3 Nf6 7 Bg2 Be7} Be7 {[%emt 0:00:45]} 13. Ng5 $146 {[%emt 0:06:35]} ({Predecessor:} 13. Na4 b6 14. Nd4 Rac8 15. Nxc6 Rxc6 16. Rxc6 Qxc6 17. Qd4 Qd7 18. Rd1 Rd8 19. e3 Bh3 {1-0 (57) Polishchuk,O (2228)-Ivanov,P Odessa 2008}) 13... Rad8 {[%emt 0:07:00]} 14. Nxe6 {[%emt 0:01:41]} Qxe6 {[%emt 0:03:10]} 15. Nb5 {[%emt 0:02:25]} Ne4 {[%emt 0:02:08]} 16. Nd4 {[%emt 0:05:41]} Nxd4 {[%emt 0:01:04]} 17. Bxd4 {[%emt 0:00:10]} Bf6 {[%emt 0:02:46]} 18. Qd3 {[%emt 0:04:34]} Bxd4 {[%emt 0:04:17]} 19. Qxd4 {[%emt 0:00:30]} Qa6 {[%emt 0:01:35]} 20. Rc2 {[%emt 0:00:57]} Nf6 {[%emt 0:00:41]} 21. Rfc1 {[%emt 0:00:45]} h6 {[%emt 0:01:24]} 22. e3 {[%emt 0:01:08]} Rd7 {[%emt 0:03:46]} 23. a4 {[%emt 0:01:16]} Rd6 {[%emt 0:04:37]} 24. Rc5 {[%emt 0:07:43]} Rfd8 {[%emt 0:02:33]} 25. Bf1 {[%emt 0:03:26]} Qb6 $16 {[%emt 0:00:53]} 26. b4 {[%emt 0:22:49]} a6 {[%emt 0:05:27]} 27. a5 {[%emt 0:01:11]} Qa7 {[%emt 0:00:25]} 28. Bd3 {[%emt 0:09:09]} g6 {[%emt 0:09:31]} 29. Kg2 {[%emt 0:01:30]} Kg7 {[%emt 0:00:56]} 30. h3 {[%emt 0:00:20]} R8d7 {[%emt 0:01:50]} 31. g4 {[%emt 0:00:26]} Rd8 {[%emt 0:06:37]} 32. h4 {[%emt 0:01:02]} Kg8 {[%emt 0:01:21]} 33. g5 {[%emt 0:04:09]} hxg5 {[%emt 0:02:31]} 34. hxg5 {[%emt 0:00:02]} Nh5 {[%emt 0:07:29]} 35. Be2 {[%emt 0:00:05]} b5 {[%emt 0:04:52]} 36. Bxh5 {[%emt 0:04:57]} gxh5 {[%emt 0:00:13]} 37. Rh1 {[%emt 0:00:06]} Qe7 {[%emt 0:01:20]} 38. Rxh5 {[%emt 0:00:07]} Qe4+ {[%emt 0:00:33]} 39. Qxe4 {[%emt 0:00:05]} dxe4 {[%emt 0:00:05]} 40. Re5 {[%emt 0:01:05]} Re6 {[%emt 0:03:15]} 41. Rxe6 {[%emt 0:05:00]} fxe6 {[%emt 0:00:05]} 42. Rh4 {[%emt 0:03:50]} Rd5 {[%emt 0:00:08]} 43. Rg4 {[%emt 0:00:42]} Kg7 {[%emt 0:01:11]} 44. g6 {[%emt 0:00:04]} Rf5 {[%emt 0:01:11]} 45. Rxe4 {[%emt 0:01:10]} Rg5+ {[%emt 0:02:21]} 46. Kf3 {[%emt 0:00:04]} Rf5+ {[%emt 0:00:48]} 47. Rf4 {[%emt 0:00:10]} Rh5 {[%emt 0:00:28]} 48. Rg4 {[%emt 0:01:54]} Rf5+ {[%emt 0:01:37]} 49. Ke2 {[%emt 0:02:07]} Rd5 {[%emt 0:00:20]} 50. Rd4 {[%emt 0:00:59]} Rh5 {[%emt 0:04:28]} 51. Rd6 {[%emt 0:00:17]} e5 {[%emt 0:01:14]} 52. Rxa6 {[%emt 0:01:24]} Rh4 {[%emt 0:00:10]} 53. Re6 {[%emt 0:01:03]} Rxb4 {[%emt 0:00:29]} 54. Rxe5 {[%emt 0:00:05]} Kxg6 {[%emt 0:00:10]} 55. f4 {[%emt 0:00:37]} Rb1 {[%emt 0:02:40]} 56. Kd3 {[%emt 0:01:07]} b4 {[%emt 0:00:11]} 57. Rb5 {[%emt 0:00:15]} b3 {[%emt 0:00:39]} 58. a6 {[%emt 0:00:41]} b2 {[%emt 0:03:11]} 59. Ke4 {[%emt 0:01:29]} Kf6 {[%emt 0:01:00]} 60. Rb6+ {[%emt 0:00:40]} Ke7 {[%emt 0:00:13]} 61. a7 {[%emt 0:00:23]} 1-0

[Event "Cellavision Cup 2018"]
[Site "Lund"]
[Date "2018.08.05"]
[Round "7"]
[White "Hansen, Torbjorn Ringdal"]
[Black "Dragicevic, Drazen"]
[Result "1/2-1/2"]
[WhiteElo "2422"]
[BlackElo "2339"]
[Annotator "NA"]
[PlyCount "221"]
[EventDate "2018.08.03"]
[EventType "swiss"]
[EventCountry "SWE"]
[SourceTitle "playchess.com"]
[Source "ChessBase"]
[SourceQuality "1"]
[TimeControl "5400+30"]

1. e4 {[%emt 0:00:00]} c5 {[%emt 0:06:22]} 2. Nf3 {[%emt 0:00:00]} Nc6 {[%emt 0:00:19]} 3. d4 {[%emt 0:00:00]} cxd4 {[%emt 0:00:26]} 4. Nxd4 {[%emt 0:00:13]} Nf6 {[%emt 0:01:12]} 5. Nc3 {[%emt 0:00:08]} e5 {[%emt 0:00:17]} 6. Ndb5 {[%emt 0:00:06]} d6 {[%emt 0:00:08]} 7. Nd5 {[%emt 0:00:07]} Nxd5 {[%emt 0:00:15]} 8. exd5 {[%emt 0:00:05]} Nb8 {[%emt 0:01:29]} 9. c4 {[%emt 0:00:07]} a6 {[%emt 0:04:30]} 10. Nc3 {[%emt 0:00:39]} Be7 {[%emt 0:00:16]} 11. Be2 {[%emt 0:00:16] B33: Sicilian: Pelikan and Sveshnikov Variations} O-O {[%emt 0:08:57]} 12. O-O {[%emt 0:00:11]} g5 {[%emt 0:01:19]} (12... f5 13. Rb1 Nd7 14. b4 Bg5 15. Bxg5 Qxg5 16. c5 dxc5 17. d6 cxb4 18. Nd5 Rb8 19. f4 Qh6 20. Ne7+ Kh8 21. Rb3 exf4 {0-1 (38) Shyam,N (2401)-Mozharov,M (2558) Bhubaneswar 2018}) 13. a4 $146 {[%emt 0:01:48]} ({Predecessor:} 13. Kh1 f5 14. g3 Kh8 15. f4 Nd7 16. Qc2 gxf4 17. gxf4 Rg8 18. Qxf5 Nf6 19. Qd3 b5 20. cxb5 axb5 21. b4 Qf8 22. Bf3 Bh3 23. Rf2 Qg7 24. Bb2 {1-0 (24) Castano,D (2234)-Hernandez Fierro,R (2215) Cali 2002}) 13... a5 {[%emt 0:03:44]} 14. c5 {[%emt 0:00:09]} dxc5 {[%emt 0:13:23]} 15. Nb5 {[%emt 0:06:19]} Ra6 {[%emt 0:09:53]} 16. Ra3 {[%emt 0:00:15]} Rg6 {[%emt 0:10:59]} 17. Re1 {[%emt 0:12:36]} Bd6 {[%emt 0:01:21]} 18. Rg3 {[%emt 0:00:50]} h6 {[%emt 0:02:52] [#]} 19. Bh5 {[%emt 0:04:16]} ({White should play} 19. Re3 $1 $16) 19... Rg7 $1 {[%emt 0:00:34]} 20. Bd2 {[%emt 0:04:49]} b6 {[%emt 0:00:21]} 21. Bc3 {[%emt 0:00:11]} f6 {[%emt 0:00:20]} 22. Bg4 {[%emt 0:00:20]} Bxg4 {[%emt 0:03:52]} 23. Qxg4 {[%emt 0:00:56]} Qd7 {[%emt 0:04:49]} 24. Qe2 {[%emt 0:02:55]} Be7 {[%emt 0:02:22]} 25. Qc4 {[%emt 0:02:48]} Bd8 {[%emt 0:00:21]} 26. h4 {[%emt 0:03:34]} Rff7 {[%emt 0:06:11]} 27. h5 {[%emt 0:08:20]} Na6 {[%emt 0:01:01]} 28. d6 {[%emt 0:01:33]} Nb8 {[%emt 0:00:28]} 29. Rge3 {[%emt 0:05:00]} Nc6 {[%emt 0:03:48]} 30. Qd5 {[%emt 0:00:55]} Qb7 {[%emt 0:05:05]} 31. Qc4 {[%emt 0:03:46]} Qd7 {[%emt 0:00:05]} 32. Kf1 {[%emt 0:00:35]} Kh8 {[%emt 0:00:31]} 33. b3 {[%emt 0:03:54]} Rf8 {[%emt 0:00:35]} 34. f3 {[%emt 0:02:56]} Qf7 {[%emt 0:02:30]} 35. Qe4 {[%emt 0:00:33]} Nb8 {[%emt 0:00:44]} 36. g4 {[%emt 0:01:35]} Nd7 {[%emt 0:00:20]} 37. Kg2 {[%emt 0:04:24]} Kg8 {[%emt 0:00:30]} 38. Bb2 {[%emt 0:01:13]} Kh8 {[%emt 0:01:25]} 39. Na3 {[%emt 0:01:12]} Kg8 {[%emt 0:00:41]} 40. Nc4 {[%emt 0:00:12]} Re8 {[%emt 0:02:06]} 41. Qc6 {[%emt 0:05:18]} Rf8 {[%emt 0:00:29]} 42. Rd3 {[%emt 0:00:44]} Kh8 {[%emt 0:01:40]} 43. Ne3 {[%emt 0:00:31]} Nb8 {[%emt 0:00:44]} 44. Qe4 {[%emt 0:00:24]} Qb7 {[%emt 0:00:35]} 45. Qc4 {[%emt 0:04:14]} Qf7 {[%emt 0:00:35]} 46. Qc1 {[%emt 0:05:15]} Nd7 {[%emt 0:00:57]} 47. Nf5 {[%emt 0:00:07]} Rh7 {[%emt 0:00:04]} 48. Qc2 {[%emt 0:00:55]} Qe6 {[%emt 0:00:30]} 49. Re4 {[%emt 0:01:01]} Rff7 {[%emt 0:00:33]} 50. Qe2 {[%emt 0:01:09]} Nf8 {[%emt 0:01:02]} 51. Rde3 {[%emt 0:00:52]} Qd7 {[%emt 0:00:17]} 52. Kg3 {[%emt 0:01:16]} Kg8 {[%emt 0:00:09]} 53. Qc4 {[%emt 0:01:42]} Qe6 {[%emt 0:00:38]} 54. Qd3 {[%emt 0:01:11]} Qd7 {[%emt 0:00:04]} 55. Qd5 {[%emt 0:00:37]} Qe6 {[%emt 0:01:23]} 56. Qa8 {[%emt 0:01:10]} Qd7 {[%emt 0:00:01]} 57. Qa6 {[%emt 0:01:14]} Ne6 {[%emt 0:01:12]} 58. Re1 {[%emt 0:01:26]} Nf4 {[%emt 0:00:41]} 59. Qa8 {[%emt 0:02:35]} Rf8 {[%emt 0:00:32]} 60. Rxf4 {[%emt 0:02:35]} gxf4+ {[%emt 0:00:22]} 61. Kg2 {[%emt 0:01:12]} Qb7 {[%emt 0:00:29]} 62. Nxh6+ {[%emt 0:00:43]} Kh8 {[%emt 0:00:01]} 63. Qxb7 {[%emt 0:01:00]} Rxb7 {[%emt 0:00:01]} 64. g5 {[%emt 0:00:51]} fxg5 {[%emt 0:00:54]} 65. Ng4 {[%emt 0:00:09]} Kh7 {[%emt 0:00:13]} 66. Bxe5 {[%emt 0:00:27]} Re8 {[%emt 0:01:17]} 67. Rc1 {[%emt 0:00:19]} Re6 {[%emt 0:00:11]} 68. Kf1 {[%emt 0:00:49]} Rf7 {[%emt 0:00:16]} 69. Rc4 {[%emt 0:00:38]} Kg8 {[%emt 0:00:45]} 70. Re4 {[%emt 0:00:37]} Rh7 {[%emt 0:00:16]} 71. h6 {[%emt 0:00:17]} Kf7 {[%emt 0:00:41]} 72. Ke2 {[%emt 0:00:29]} (72. Bg7 $17) 72... Rexh6 {[%emt 0:01:03]} 73. Nxh6+ {[%emt 0:01:09]} Rxh6 {[%emt 0:00:02]} 74. Kd3 {[%emt 0:02:17]} Rh3 {[%emt 0:00:22]} 75. Kc4 {[%emt 0:00:11]} Rxf3 {[%emt 0:00:08]} 76. Kd5 {[%emt 0:01:43]} Re3 {[%emt 0:01:44]} 77. Rc4 {[%emt 0:00:14]} Rd3+ {[%emt 0:00:33]} 78. Ke4 {[%emt 0:00:44]} Rxb3 {[%emt 0:00:08]} 79. Kf5 {[%emt 0:00:13]} Rh3 {[%emt 0:00:55]} 80. Rc2 {[%emt 0:00:30]} Rh1 {[%emt 0:00:31]} 81. Re2 {[%emt 0:00:32]} Rh6 {[%emt 0:00:21]} 82. d7 {[%emt 0:00:47]} f3 {[%emt 0:00:32]} 83. Rd2 {[%emt 0:00:51]} Rh4 {[%emt 0:00:37]} 84. Bg3 {[%emt 0:00:31]} Rd4 {[%emt 0:00:30]} 85. Rh2 $1 {[%emt 0:00:30]} Rd5+ {[%emt 0:00:32]} 86. Ke4 {[%emt 0:00:41]} Rd4+ $2 {[%emt 0:00:20]} (86... Rxd7 $19 87. Rh7+ Ke6 88. Rh6+ Bf6 89. Kxf3 Rd3+ 90. Kg4 Rd4+ 91. Kf3 Rxa4) 87. Kf5 $19 {[%emt 0:00:04]} Bf6 {[%emt 0:00:43]} 88. Rh7+ {[%emt 0:00:25]} Kg8 {[%emt 0:00:30]} 89. Rh6 {[%emt 0:00:11]} Rxd7 {[%emt 0:00:31]} 90. Rxf6 {[%emt 0:00:38]} Rf7 {[%emt 0:00:07]} 91. Rxf7 {[%emt 0:00:25]} Kxf7 {[%emt 0:00:01]} 92. Ke4 {[%emt 0:01:09]} Ke6 {[%emt 0:00:50]} 93. Kxf3 {[%emt 0:00:28]} Kd5 {[%emt 0:00:06]} 94. Bc7 {[%emt 0:00:08]} Kc4 {[%emt 0:01:11]} 95. Bxb6 {[%emt 0:00:16]} Kb4 {[%emt 0:00:04]} 96. Bd8 {[%emt 0:00:20]} Kxa4 {[%emt 0:00:35]} 97. Bxg5 {[%emt 0:00:20]} Kb3 {[%emt 0:00:14]} 98. Ke2 {[%emt 0:00:18]} Kc2 {[%emt 0:00:15]} 99. Be7 {[%emt 0:01:00]} c4 {[%emt 0:00:05]} 100. Bd6 {[%emt 0:01:07]} a4 {[%emt 0:00:10]} 101. Be7 {[%emt 0:00:15]} c3 {[%emt 0:01:01]} 102. Bd6 {[%emt 0:00:26]} Kb1 {[%emt 0:01:29]} 103. Ba3 {[%emt 0:00:19]} Kc2 {[%emt 0:00:39]} 104. Bd6 {[%emt 0:00:07]} Kb2 {[%emt 0:00:39]} 105. Kd3 {[%emt 0:00:30]} c2 {[%emt 0:00:17]} 106. Ba3+ {[%emt 0:00:16]} Kxa3 {[%emt 0:00:26]} 107. Kxc2 {[%emt 0:00:05]} Ka2 {[%emt 0:00:11]} 108. Kc1 {[%emt 0:00:04]} a3 {[%emt 0:00:05]} 109. Kc2 {[%emt 0:00:03]} Ka1 {[%emt 0:00:03]} 110. Kc1 {[%emt 0:00:03]} a2 {[%emt 0:00:03]} 111. Kc2 {[%emt 0:00:03]} 1/2-1/2

[Event "Cellavision Cup 2018"]
[Site "Lund"]
[Date "2018.08.05"]
[Round "7"]
[White "Lindberg, Bengt"]
[Black "Malm Lindberg, Henrik"]
[Result "1-0"]
[WhiteElo "2416"]
[BlackElo "2193"]
[Annotator "TA"]
[PlyCount "63"]
[EventDate "2018.08.03"]
[EventType "swiss"]
[EventCountry "SWE"]
[SourceTitle "playchess.com"]
[Source "ChessBase"]
[SourceQuality "1"]

{[%evp 25,62,18,58,37,37,37,37,21,19,23,41,0,0,0,0,-136,-120,-146,-82,-156,0,-53,10,-214,79,-114,366,336,418,374,1397,1395,2604,2116,29995,29996,29996,29997,29999]} 1. e4 c5 2. Nf3 e6 3. d4 cxd4 4. Nxd4 Nf6 5. Nc3 d6 6. Be3 Nc6 7. f3 Be7 8. Qd2 a6 9. O-O-O O-O 10. g4 Nd7 11. h4 Nxd4 12. Bxd4 b5 {[%cal Bb7b5,Bb5b4][%mdl 32]} 13. Kb1 Ne5 {LiveBook: 3 Partien. B80: Sizilianisch (Scheveninger System)} 14. Qf2 {zielt auf Lxe5 ab.} Bd7 15. g5 b4 {Weiß steht etwas besser.} 16. Ne2 Qc7 $146 ({Vorgänger:} 16... a5 17. f4 Nc6 18. f5 b3 19. cxb3 Nxd4 20. Nxd4 {1-0 (51) Zhao,Z (2455)-Goldenberg,I (2358) Tuggeranong 2007}) 17. f4 Rfc8 18. Rc1 (18. Ng3 {feels hotter.} Ng4 19. Qe2 e5 20. fxe5 Bb5 21. Qg2) 18... Nc4 $36 {[%mdl 2048] Schwarz hat gut koordiniertes Spiel.} 19. Ng3 a5 $1 20. e5 (20. f5 $11 {hält das Gleichgewicht.}) 20... dxe5 $17 21. fxe5 Nxe5 (21... Bc6 $142 $1 {[%cal Rc6h1]} 22. Rg1 Nxe5) 22. Nh5 (22. Be2 $142) 22... Bd6 $2 {[#]} (22... Bc6 $17 23. Rh3 Bd6) 23. Bg2 (23. Nxg7 $1 $11 {[%mdl 512]} Bc6 (23... Kxg7 24. Qf6+) 24. Rg1 Kxg7 25. Re1) 23... Rab8 {[#]} (23... Ng4 $1 $15 24. Qg1 e5) 24. Rhf1 $2 {[#]} (24. Nxg7 $1 $11 {[%mdl 512] und Weiss ist OK.} Ng4 (24... Kxg7 25. Qf6+) 25. Qf3) 24... Be8 $2 (24... Bb5 $1 $19 {[%cal Rb5f1]} 25. Rg1 {[#]} Nd3 $1 {[%mdl 512]}) 25. Be4 $2 (25. Nxg7 $1 $16 {ist erzwungen, um die Oberhand zu behalten. Df6 ist eine echte Drohung.} Kxg7 26. Qf6+ Kf8 27. Bh3) 25... a4 $2 {[%mdl 8192]} (25... f5 $17 {und es läuft.} 26. gxf6 Bxh5 27. fxg7 Ng4) 26. Nxg7 $1 $18 Kxg7 27. Qf6+ Kg8 $2 (27... Kf8 28. Bxh7 Ng4 29. Qxe6 Be5) 28. Qh6 f5 29. gxf6 Bf8 {[#]} 30. f7+ $1 {[%mdl 512] Weiß setzt Matt.} Qxf7 {[#]} (30... Nxf7 31. Bxh7#) 31. Bxh7+ $1 {[%mdl 512]} Qxh7 32. Rxf8# {Precision: Weiß = 35%, Schwarz = 26%.} 1-0

[Event "Cellavision Cup 2018"]
[Site "Lund"]
[Date "2018.08.05"]
[Round "7"]
[White "Hoi, Carsten"]
[Black "Bogo, Soren"]
[Result "1-0"]
[WhiteElo "2380"]
[BlackElo "2238"]
[Annotator "NA"]
[PlyCount "89"]
[EventDate "2018.08.03"]
[EventType "swiss"]
[EventCountry "SWE"]
[SourceTitle "playchess.com"]
[Source "ChessBase"]
[SourceQuality "1"]
[TimeControl "5400+30"]

1. d4 {[%emt 0:00:00]} d5 {[%emt 0:01:20]} 2. Nf3 {[%emt 0:00:00]} Nf6 {[%emt 0:00:33]} 3. c4 {[%emt 0:00:43]} e6 {[%emt 0:01:47]} 4. Bg5 {[%emt 0:02:30]} Nbd7 {[%emt 0:01:42]} 5. Nc3 {[%emt 0:03:34]} c6 {[%emt 0:00:19]} 6. e3 {[%emt 0:01:08]} Qa5 {[%emt 0:00:34]} 7. Nd2 {[%emt 0:01:40]} Bb4 {[%emt 0:00:32]} 8. Qc2 {[%emt 0:01:19]} O-O {[%emt 0:00:13]} 9. Be2 {[%emt 0:02:04]} e5 {[%emt 0:01:27]} 10. O-O {[%emt 0:12:52]} exd4 {[%emt 0:02:08]} 11. Nb3 {[%emt 0:02:12]} Qb6 {[%emt 0:02:32]} 12. exd4 {[%emt 0:02:54]} dxc4 {[%emt 0:08:02]} 13. Bxc4 {[%emt 0:02:30]} a5 {[%emt 0:04:46]} 14. a4 {[%emt 0:04:28]} Qd8 {[%emt 0:08:35]} 15. Rfe1 {[%emt 0:10:57]} Nb6 {[%emt 0:01:33]} 16. Bd3 {[%emt 0:01:04]} h6 {[%emt 0:01:13]} 17. Bh4 {[%emt 0:00:31]} Be6 {[%emt 0:05:46]} 18. Rad1 {[%emt 0:09:18]} Bxb3 {[%emt 0:06:54]} 19. Qxb3 {[%emt 0:00:22]} Nbd5 {[%emt 0:00:27]} 20. Bc4 {[%emt 0:09:47]} Qd7 {[%emt 0:05:29]} 21. Bxd5 {[%emt 0:05:31]} Nxd5 {[%emt 0:00:17]} 22. Nxd5 {[%emt 0:00:41]} Qxd5 {[%emt 0:01:22]} 23. Qxd5 {[%emt 0:00:55]} cxd5 {[%emt 0:00:06]} 24. Re5 {[%emt 0:00:20]} g5 {[%emt 0:01:10]} 25. Bg3 {[%emt 0:00:07]} Rad8 {[%emt 0:05:37]} 26. Kf1 {[%emt 0:03:07]} f6 {[%emt 0:02:17]} 27. Re6 {[%emt 0:00:11]} Kf7 {[%emt 0:01:13]} 28. Rb6 {[%emt 0:01:14]} Rd7 {[%emt 0:00:05]} 29. Ke2 {[%emt 0:02:49]} Re8+ {[%emt 0:05:35]} 30. Kd3 {[%emt 0:00:24]} Re1 {[%emt 0:08:28]} 31. Rxe1 {[%emt 0:01:43]} Bxe1 {[%emt 0:00:01]} 32. f3 {[%emt 0:00:52]} Bb4 {[%emt 0:00:09]} 33. h4 {[%emt 0:02:11]} Kg6 {[%emt 0:02:54]} 34. h5+ {[%emt 0:01:17]} Kf5 {[%emt 0:07:12]} 35. Bf2 {[%emt 0:02:23]} g4 {[%emt 0:03:36]} 36. Be3 {[%emt 0:02:40]} gxf3 {[%emt 0:00:34]} 37. gxf3 {[%emt 0:00:02]} Rg7 {[%emt 0:01:04]} 38. Bxh6 {[%emt 0:01:02]} Rh7 {[%emt 0:00:33]} 39. Bd2 {[%emt 0:00:48]} Bxd2 {[%emt 0:00:40]} 40. Kxd2 {[%emt 0:00:02]} Rxh5 {[%emt 0:00:11]} 41. Ke3 {[%emt 0:00:06]} Rh2 {[%emt 0:00:44]} 42. Rxb7 {[%emt 0:01:07]} Ke6 {[%emt 0:02:35]} 43. Rb6+ {[%emt 0:00:34]} Ke7 {[%emt 0:00:01]} 44. Rb5 {[%emt 0:02:47]} Ke6 {[%emt 0:00:09]} 45. b3 {[%emt 0:00:15]} 1-0

[Event "Cellavision Cup 2018"]
[Site "Lund"]
[Date "2018.08.05"]
[Round "7"]
[White "Kristensen, Kaare Hove"]
[Black "Himanshu, Sharma"]
[Result "0-1"]
[WhiteElo "2342"]
[BlackElo "2436"]
[Annotator "NA"]
[PlyCount "51"]
[EventDate "2018.08.03"]
[EventType "swiss"]
[EventCountry "SWE"]
[SourceTitle "playchess.com"]
[Source "ChessBase"]
[SourceQuality "1"]
[TimeControl "5400+30"]

1. e4 {[%emt 0:00:00]} c5 {[%emt 0:00:00]} 2. Nf3 {[%emt 0:00:00]} Nc6 {[%emt 0:00:00]} 3. d4 {[%emt 0:00:12]} cxd4 {[%emt 0:00:00]} 4. Nxd4 {[%emt 0:00:08]} e6 {[%emt 0:00:00]} 5. Nc3 {[%emt 0:00:10]} Qc7 {[%emt 0:00:00]} 6. Be3 {[%emt 0:00:19]} a6 {[%emt 0:00:00]} 7. f4 {[%emt 0:00:38]} b5 {[%emt 0:02:10]} 8. Bd3 {[%emt 0:00:14]} Bb7 {[%emt 0:00:55]} 9. Qf3 {[%emt 0:00:15]} Nf6 {[%emt 0:01:39]} 10. O-O-O {[%emt 0:00:33]} Bc5 {[%emt 0:32:00]} 11. Nxc6 {[%emt 0:16:58]} Qxc6 {[%emt 0:00:13]} 12. Bxc5 {[%emt 0:08:20]} Qxc5 {[%emt 0:00:06]} 13. g4 {[%emt 0:00:42]} b4 {[%emt 0:02:34]} 14. Ne2 {[%emt 0:05:26]} d5 {[%emt 0:01:25]} 15. e5 {[%emt 0:01:54]} Ne4 {[%emt 0:00:06]} 16. Rhf1 {[%emt 0:10:09]} O-O {[%emt 0:02:45]} 17. Ng3 $14 {[%emt 0:09:35]} Rac8 {[%emt 0:07:00]} 18. Qe2 {[%emt 0:01:47]} Qa5 {[%emt 0:04:53]} 19. Kb1 {[%emt 0:03:12]} Nc3+ {[%emt 0:11:10]} 20. bxc3 {[%emt 0:00:44]} bxc3 {[%emt 0:00:04]} 21. Ka1 {[%emt 0:01:00]} Rc5 {[%emt 0:01:58]} 22. Rb1 {[%emt 0:01:24]} Qa4 {[%emt 0:00:20]} 23. Rxb7 {[%emt 0:08:14]} Ra5 {[%emt 0:00:16]} 24. Rb2 {[%emt 0:01:36]} cxb2+ {[%emt 0:00:08]} 25. Kxb2 {[%emt 0:00:16]} Qa3+ {[%emt 0:00:01]} 26. Ka1 0-1

[Event "Cellavision Cup 2018"]
[Site "Lund"]
[Date "2018.08.05"]
[Round "7"]
[White "Jogstad, Martin"]
[Black "Johansson, Linus"]
[Result "0-1"]
[WhiteElo "2312"]
[BlackElo "2457"]
[Annotator "ChessBase"]
[PlyCount "116"]
[EventDate "2018.08.03"]
[EventType "swiss"]
[EventCountry "SWE"]
[SourceTitle "playchess.com"]
[Source "ChessBase"]
[SourceQuality "1"]
[TimeControl "5400+30"]

1. d4 {[%emt 0:00:00]} Nf6 {[%emt 0:02:05]} 2. c4 {[%emt 0:00:00]} e6 {[%emt 0:00:06]} 3. g3 {[%emt 0:00:04]} c5 {[%emt 0:00:02]} 4. d5 {[%emt 0:00:49]} exd5 {[%emt 0:00:03]} 5. cxd5 {[%emt 0:00:11]} d6 {[%emt 0:00:03]} 6. Nc3 {[%emt 0:00:20]} g6 {[%emt 0:00:03]} 7. Bg2 {[%emt 0:00:27]} Bg7 {[%emt 0:00:04]} 8. Nf3 {[%emt 0:00:16]} O-O {[%emt 0:00:03]} 9. O-O {[%emt 0:00:30]} Re8 {[%emt 0:00:02]} 10. Bf4 {[%emt 0:00:26]} Na6 {[%emt 0:00:47]} 11. Nd2 {[%emt 0:06:12]} Nh5 {[%emt 0:01:02]} 12. Be3 {[%emt 0:02:43]} Rxe3 {[%emt 0:07:40]} 13. fxe3 {[%emt 0:00:07]} Qe7 {[%emt 0:00:04]} 14. Nc4 {[%emt 0:05:44]} Bxc3 {[%emt 0:09:37]} 15. bxc3 {[%emt 0:00:08]} b5 {[%emt 0:00:04]} 16. Na3 {[%emt 0:16:00]} Bd7 {[%emt 0:03:06]} 17. Nc2 {[%emt 0:24:08]} Rb8 {[%emt 0:18:09]} 18. Qd3 {[%emt 0:04:09]} Nc7 {[%emt 0:01:18]} 19. a4 {[%emt 0:01:02]} bxa4 {[%emt 0:00:20]} 20. Rfb1 {[%emt 0:03:30]} Rb6 {[%emt 0:00:22]} 21. Na3 {[%emt 0:09:44]} Nf6 {[%emt 0:04:10]} 22. Nc4 {[%emt 0:01:42]} Rxb1+ {[%emt 0:00:47]} 23. Qxb1 {[%emt 0:08:16]} Bb5 {[%emt 0:00:40]} 24. Nb2 {[%emt 0:00:24]} Qxe3+ {[%emt 0:06:47]} 25. Kh1 {[%emt 0:00:01]} Qxc3 {[%emt 0:03:33]} 26. Nxa4 {[%emt 0:02:24]} Qe3 {[%emt 0:00:13]} 27. Nb2 {[%emt 0:06:52]} a6 {[%emt 0:00:20]} 28. Nd1 {[%emt 0:02:12]} Qd2 {[%emt 0:00:25]} 29. Nf2 {[%emt 0:01:05]} Qxe2 {[%emt 0:01:06]} 30. Qe1 {[%emt 0:01:09]} Kf8 {[%emt 0:04:05]} 31. Qa5 {[%emt 0:02:19]} Ncxd5 {[%emt 0:04:53]} 32. Qd8+ {[%emt 0:02:34]} Kg7 {[%emt 0:00:07]} 33. Nh3 {[%emt 0:00:28]} Qe5 {[%emt 0:02:11]} 34. Rd1 {[%emt 0:00:15]} c4 {[%emt 0:02:08]} 35. Nf4 {[%emt 0:00:27]} Nxf4 {[%emt 0:00:06]} 36. gxf4 {[%emt 0:00:02]} Qxf4 {[%emt 0:00:07]} 37. Qxd6 {[%emt 0:00:33]} Qxd6 {[%emt 0:00:59]} 38. Rxd6 {[%emt 0:00:02]} c3 {[%emt 0:00:29]} 39. Rd1 {[%emt 0:01:12]} c2 {[%emt 0:00:29]} 40. Rc1 {[%emt 0:00:01]} Bd3 {[%emt 0:00:06]} 41. Bf1 {[%emt 0:01:05]} Bxf1 {[%emt 0:02:32]} 42. Rxf1 {[%emt 0:00:01]} Nd5 {[%emt 0:00:09]} 43. Rc1 {[%emt 0:00:58]} Nb4 {[%emt 0:00:06]} 44. Kg1 {[%emt 0:00:06]} Kf6 {[%emt 0:00:09]} 45. Kf1 {[%emt 0:00:09]} Ke5 {[%emt 0:00:13]} 46. Ke2 {[%emt 0:00:11]} Kd4 {[%emt 0:00:04]} 47. Kd2 {[%emt 0:00:11]} Kc4 {[%emt 0:00:09]} 48. Rf1 {[%emt 0:01:04]} f5 {[%emt 0:00:54]} 49. Rf3 {[%emt 0:00:05]} a5 {[%emt 0:02:44]} 50. Rc3+ {[%emt 0:01:00]} Kb5 {[%emt 0:01:33]} 51. Rc7 {[%emt 0:00:41]} Ka4 {[%emt 0:00:13]} 52. Rc3 {[%emt 0:00:35]} f4 {[%emt 0:00:57]} 53. Rf3 {[%emt 0:00:22]} g5 {[%emt 0:00:19]} 54. Kc1 {[%emt 0:00:25]} Kb5 {[%emt 0:00:50]} 55. Rh3 {[%emt 0:01:13]} Kc4 {[%emt 0:01:32]} 56. Kb2 {[%emt 0:00:22]} f3 {[%emt 0:01:43]} 57. Rxh7 {[%emt 0:00:26]} Kd3 {[%emt 0:01:18]} 58. h4 {[%emt 0:01:06]} Kd2 {[%emt 0:00:29]} 0-1